Arctic Monkeys Charting Songs (Billboard Hot Rock) - Statistics

General Stats
  • This quiz has been taken 67 times
    12 since last reset
  • The average score is 8 of 18
Answer Stats
Album Weeks On Peak Artist(s) Song % Correct
Favourite Worst Nightmare 26 Weeks #12 Arctic Monkeys 505
91%
AM 35 Weeks #10 Arctic Monkeys Do I Wanna Know?
82%
AM 19 Weeks #39 Arctic Monkeys R U Mine?
82%
AM 2 Weeks #47 Arctic Monkeys Arabella
73%
AM 15 Weeks #16 Arctic Monkeys No. 1 Party Anthem
73%
AM 1 Week #37 Arctic Monkeys Snap Out of It
64%
AM 30 Weeks #14 Arctic Monkeys Why'd You Only Call Me When You're High?
55%
The Car 2 Weeks #37 Arctic Monkeys There'd Better Be a Mirrorball
36%
Tranquility Base Hotel + Casino 7 Weeks #12 Arctic Monkeys Four Out of Five
27%
Help(2) 1 Week #36 Arctic Monkeys Opening Night
27%
Tranquility Base Hotel + Casino 1 Week #29 Arctic Monkeys Tranquility Base Hotel + Casino
27%
Tranquility Base Hotel + Casino 1 Week #35 Arctic Monkeys American Sports
18%
Tranquility Base Hotel + Casino 1 Week #41 Arctic Monkeys Golden Trunks
18%
The Car 1 Week #36 Arctic Monkeys I Ain't Quite Where I Think I Am
18%
Tranquility Base Hotel + Casino 1 Week #27 Arctic Monkeys One Point Perspective
18%
Tranquility Base Hotel + Casino 1 Week #47 Arctic Monkeys She Looks Like Fun
18%
Tranquility Base Hotel + Casino 1 Week #26 Arctic Monkeys Star Treatment
18%
Tranquility Base Hotel + Casino 1 Week #44 Arctic Monkeys The World's First Ever Monster Truck Front Flip
18%
No matching quizzes found
Score Distribution
Percent of People with Each Score
Percentile by Number Answered
Your Score History
You have not taken this quiz since the last reset